000 00198nam a2200085Ia 4500
008 120527s9999 xx 000 0 und d
100 _aOLUSEYE, Yemi
245 _aA better Africa to come
942 _cBK
999 _c25257
_d25257